[Event "Maroczy mem"]
[Site "Szeged"]
[Date "1997.11.16"]
[Round "3"]
[White "Zhang Zhong"]
[Black "Lalic, Bogdan"]
[Result "1/2-1/2"]
[WhiteElo "2475"]
[BlackElo "2600"]

1.e4 c5 2.Nf3 Nc6 3.Bb5 g6 4.O-O Bg7 5.Re1 e5 6.Bxc6 dxc6 7.d3 Nh6 8.a3 a5
9.a4 f6 10.Na3 Nf7 11.Be3 b6 12.c3 O-O 13.Nc4 Be6 14.Qe2 Bxc4 15.dxc4 Bh6
16.Red1 Qe7 17.Bxh6 Nxh6  1/2-1/2

[Event "Bayern-chI Bank Hofmann"]
[Site "Bad Wiessee"]
[Date "1997.11.19"]
[Round "5"]
[White "Cladouras, Panagiotis"]
[Black "Mokosch, Andreas"]
[Result "1-0"]
[WhiteElo "2390"]
[BlackElo "2160"]

1.e4 c5 2.Nf3 Nc6 3.Bb5 g6 4.Bxc6 dxc6 5.O-O Bg7 6.d3 Qc7 7.h3 e5 8.Nc3 Nf6
9.Be3 b6 10.a3 O-O 11.b4 cxb4 12.axb4 b5 13.Ra5 a6 14.Nd2 Nd7 15.Nb3 Bb7
16.Nc5 Nxc5 17.Bxc5 Rfe8 18.Qd2 Rad8 19.Qe3 Rd7 20.Ne2 Bc8 21.Nc1 Qd8 22.Nb3 Qh4
23.Qf3 Re6 24.Be3 Bf8 25.Nc5 Bxc5 26.Bxc5 h5 27.Qg3 Qxg3 28.fxg3 Kg7 29.Rfa1 Rf6
30.Re1 Re6 31.Rf1 Rd8 32.Rf3 Rde8 33.Ra1 Rf6 34.Re3 Kg8 35.c3 Bb7 36.Rf3 Rxf3
37.gxf3 f6 38.f4 exf4 39.gxf4 Kf7 40.h4 Bc8 41.Kf2 f5 42.e5 Ke6 43.Ke3 Rd8
44.Bd6 c5 45.Bxc5 Kd5 46.Bd6 Bb7 47.c4+ bxc4 48.Ra5+ Ke6 49.dxc4 Rc8 50.Kd4 Rc6
51.Bc5 Rc8 52.b5 axb5 53.Ra7 Rc7 54.cxb5  1-0

[Event "Bayern-chI Bank Hofmann"]
[Site "Bad Wiessee"]
[Date "1997.11.19"]
[Round "5"]
[White "Rohrmueller, Ulrich"]
[Black "Siegel, Georg"]
[Result "1/2-1/2"]
[WhiteElo "2230"]
[BlackElo "2540"]

1.e4 c5 2.Nf3 Nc6 3.Bb5 Nf6 4.e5 Nd5 5.O-O Nc7 6.Bxc6 dxc6 7.h3 g6 8.d3 Bg7
9.Re1 O-O 10.Be3 Ne6 11.Qd2 Qb6 12.c3 Rd8 13.Na3 Rd5 14.Rad1 Qc7 15.Bh6 Bh8
16.Qe3 b6 17.Nc2 Ba6 18.c4 Rdd8 19.Nh4 Qd7 20.Qg3 Ng7 21.Ne3 Nh5 22.Qg5 f6
23.Qg4 Qxg4 24.hxg4 Ng7 25.exf6 exf6 26.Nf3 Ne6 27.Nc2 Kf7 28.Be3 Rd6 29.Rd2 Re8
30.Rb1 Bc8 31.g3 h6 32.a3 Red8 33.Nce1 g5 34.b4 cxb4 35.axb4 c5 36.Ra2 R6d7
37.bxc5 bxc5 38.Nd2 Rc7 39.Rb5 Bg7 40.Ne4 Bf8 41.f3 Rdd7 42.Kf2 Rc6 43.Ke2 Nc7
44.Rb8 Ne6 45.Rb5 Be7 46.Nc2 Rb6 47.Rxa7 Rxb5 48.Rxd7 Bxd7 49.cxb5 Bxb5 50.Na3 Bc6
51.Nc4 Kg6 52.f4 Kg7 53.Ncd2 Kf7 54.Nc4  1/2-1/2

[Event "Bayern-chI Bank Hofmann"]
[Site "Bad Wiessee"]
[Date "1997.11.20"]
[Round "6"]
[White "Dvorietzky, Mark I"]
[Black "Ankerst, Milka"]
[Result "1-0"]
[WhiteElo "2475"]
[BlackElo "2170"]

1.e4 c5 2.Nf3 Nc6 3.Bb5 g6 4.O-O Bg7 5.c3 Nf6 6.Re1 O-O 7.h3 d6 8.d4 cxd4
9.cxd4 Bd7 10.Nc3 a6 11.Bf1 Rc8 12.d5 Ne5 13.Nxe5 dxe5 14.a4 Ne8 15.Qb3 Nd6
16.a5 f5 17.Be3 Qe8 18.Qb4 Rf6 19.Bc5 f4 20.Bxd6 Rxd6 21.Be2 Rc7 22.Rac1 g5
23.Bg4 Bxg4 24.hxg4 Qc8 25.Ne2 Rxc1 26.Rxc1 Qxg4 27.f3 Qd7 28.Qc5 Kf7 29.g4 Qa4
30.Kg2 Qb3 31.Qa3 Qb5 32.Ng1 Bf6 33.Rc7 Ke8 34.Nh3 b6 35.b4 bxa5 36.bxa5 Rd8
37.Nf2 Rd7 38.Rc5 Qe2 39.Qa4 Kd8 40.Qc6 Ke8 41.Qe6  1-0

[Event "Bayern-chI Bank Hofmann"]
[Site "Bad Wiessee"]
[Date "1997.11.21"]
[Round "7"]
[White "Kroencke, Manfred"]
[Black "Roemhild, Marcus"]
[Result "1/2-1/2"]
[WhiteElo "2185"]
[BlackElo "2195"]

1.e4 c5 2.Nf3 Nc6 3.Bb5 g6 4.O-O Bg7 5.Re1 Nf6 6.e5 Nd5 7.Nc3 Nc7 8.Bxc6 dxc6
9.h3 O-O 10.d3 Ne6 11.Ne4 b6 12.Neg5 h6 13.Nxe6 Bxe6 14.Bf4  1/2-1/2

[Event "Bayern-chI Bank Hofmann"]
[Site "Bad Wiessee"]
[Date "1997.11.22"]
[Round "8"]
[White "Klundt, Klaus"]
[Black "Huebner, Robert"]
[Result "1-0"]
[WhiteElo "2360"]
[BlackElo "2580"]

1.e4 c5 2.Nf3 Nc6 3.Bb5 g6 4.O-O Bg7 5.Re1 e5 6.Bxc6 bxc6 7.b4 cxb4 8.a3 bxa3
9.Nxa3 d6 10.d4 exd4 11.e5 dxe5 12.Nxe5 Be6 13.Qf3 Ne7 14.Nxf7 Bxf7 15.Bg5 O-O
16.Bxe7 Qd7 17.Bxf8 Rxf8 18.Qd3 Bd5 19.Rab1 c5 20.f3 Qf7 21.Nb5 Rd8 22.Nd6 Qf4
23.Ne4 c4 24.Qa3 Qc7 25.Rb5 Bf7 26.Ng5 d3 27.cxd3 cxd3 28.Nxf7 Qxf7 29.Qb3 Qxb3
30.Rxb3 a5 31.Rd1 d2 32.Kf1 Bf8 33.Ke2 Bb4 34.Rxb4 axb4 35.Rxd2 Rb8 36.Kd1 h5
37.Kc2 Kf7 38.Kb3 Ke6 39.Rd4 Ke5 40.Re4+ Kd5 41.h4 Rb6 42.Rf4 Ke5 43.Re4+ Kf5
44.Rc4 Rb5 45.Rd4 g5 46.g4+ hxg4 47.Rxg4 gxh4 48.Rxh4  1-0

[Event "Bayern-chI Bank Hofmann"]
[Site "Bad Wiessee"]
[Date "1997.11.22"]
[Round "8"]
[White "Naiditsch, Arkadij"]
[Black "Rogozenko, Dorin"]
[Result "1-0"]
[WhiteElo "2175"]
[BlackElo "2490"]

1.e4 c5 2.Nf3 Nc6 3.Bb5 e6 4.O-O Nge7 5.c3 d5 6.exd5 Qxd5 7.Na3 a6 8.Be2 Nf5
9.Nc4 Qd8 10.a4 Be7 11.d3 O-O 12.Re1 Nd6 13.Nxd6 Bxd6 14.d4 b6 15.Bd3 g6
16.Be4 Bb7 17.Bh6 Re8 18.Ne5 Rc8 19.g3 Bf8 20.Bxf8 Rxf8 21.dxc5 Nxe5 22.Bxb7 Rxc5
23.Qxd8 Rxd8 24.Red1 Rxd1+ 25.Rxd1 a5 26.Ba6 Kf8 27.f4 Nc4 28.b4 Rc7 29.Rd8+ Ke7
30.Rb8 Nd6 31.Rxb6 Rxc3 32.bxa5 Ra3 33.Rb4 Ra1+ 34.Kg2 Ra2+ 35.Kf3 Ra3+ 36.Ke2 Nf5
37.Bb7 Ra2+ 38.Kf3 Ra3+ 39.Kg2 Ne3+ 40.Kh3 h5 41.a6 Ra2 42.a7 Ng4 43.Bg2  1-0

[Event "Iona Tech Masters"]
[Site "Kilkenny"]
[Date "1997.11.28"]
[Round "3"]
[White "Keogh, Eamon"]
[Black "Brady, Cormac A"]
[Result "1-0"]
[WhiteElo "2170"]
[BlackElo "2075"]

1.e4 c5 2.Nf3 Nc6 3.Bb5 e6 4.O-O Nge7 5.d4 cxd4 6.Nxd4 Qb6 7.Bxc6 Nxc6 8.Nb3 Be7
9.Be3 Qc7 10.Nc3 O-O 11.f4 d6 12.Qf3 a6 13.a4 b6 14.Rad1 Bb7 15.g4 Nb4 16.Qf2 Bd8
17.f5 exf5 18.gxf5 f6 19.Bf4 Be7 20.Rd4 Nc6 21.Nd5 Qd8 22.Nxe7+ Nxe7 23.Rxd6  1-0

[Event "GP Ashkelon"]
[Site "Ashkelon"]
[Date "1997.12.13"]
[Round "5"]
[White "Krays, Alexander"]
[Black "Tsesarsky, Ilya"]
[Result "0-1"]
[WhiteElo "2375"]
[BlackElo "2445"]

1.e4 c5 2.Nf3 Nc6 3.Bb5 e6 4.O-O Nge7 5.b3 f6 6.Bb2 Ng6 7.d4 cxd4 8.Nxd4 Qc7
9.Re1 Bd6 10.g3 O-O 11.Bf1 a6 12.c4 Bc5 13.Nc2 b5 14.Nc3 bxc4 15.Bxc4 Nge5
16.Bf1 Qa7 17.Ne3 Bb7 18.Na4 Bb4 19.Bc3 Bxc3 20.Nxc3 Qd4 21.Rc1 Rfd8 22.f4 Nf7
23.Qxd4 Nxd4 24.Red1 e5 25.Bc4 Kf8 26.Kf2 Nd6 27.Bd5 Bxd5 28.Nexd5 Rab8 29.Ke3  0-1

[Event "CZE-chT 9798"]
[Site "CZE"]
[Date "1997.12.13"]
[Round "3"]
[White "Suran, Jan"]
[Black "Klima, Lukas"]
[Result "1-0"]
[WhiteElo "2280"]
[BlackElo "2255"]

1.e4 c5 2.Nf3 Nc6 3.Bb5 Qc7 4.O-O Nf6 5.Re1 g6 6.c3 Bg7 7.e5 Nd5 8.d4 cxd4
9.cxd4 O-O 10.Qb3 e6 11.Nc3 Nxc3 12.Qxc3 Qb6 13.Bxc6 dxc6 14.Bg5 h6 15.Be7 Re8
16.Bc5 Qa6 17.Nd2 b6 18.Ba3 Qb5 19.Rac1 Rd8 20.Ne4 Qd5 21.Nd6 Bd7 22.b3 Rab8
23.h4 h5 24.Rcd1 Be8 25.Rd3 a5 26.Rc1 a4 27.Nxe8 Rxe8 28.Qxc6 Qd8 29.Bd6 Rc8
30.Qxc8 Qxc8 31.Rxc8 Rxc8 32.bxa4 Rc1+ 33.Kh2 Rc2 34.a3 Rc4 35.g3 Rxa4 36.d5 Re4
37.f4 Re2+ 38.Kg1 exd5 39.Rxd5 f6 40.Kf1 Re4 41.Kf2 fxe5 42.fxe5 Rc4 43.Ke3 Kf7
44.Rd4 Rc6 45.Kd3 Rc1 46.Rc4 Rd1+ 47.Ke4 Ke6 48.Rc6 Re1+ 49.Kf3 Kf5 50.Rxb6 Ra1
51.Rb3 Rf1+ 52.Ke2 Rg1 53.Rb7 Bh8 54.Rb8 Bg7 55.Rg8 Bh6 56.e6  1-0

[Event "Karpov GM"]
[Site "Singapore"]
[Date "1997.12.24"]
[Round "14"]
[White "Ardiansyah, Haji"]
[Black "Tu Hoang Thong"]
[Result "1/2-1/2"]
[WhiteElo "2415"]
[BlackElo "2475"]

1.e4 c5 2.Nf3 Nc6 3.Bb5 e6 4.O-O Nge7 5.Re1 g6 6.c3 Bg7 7.d4 Qb6 8.Bxc6 bxc6
9.e5 O-O 10.dxc5 Qxc5 11.Nbd2 Nf5 12.Ne4 Qd5 13.Qc2 f6 14.exf6 Bxf6 15.Nxf6+ Rxf6  1/2-1/2

[Event "Rishon Le Ziyyon 9798"]
[Site "Rishon Le Ziyyon"]
[Date "1997.12.25"]
[Round "1"]
[White "Krays, Alexander"]
[Black "Brodsky, Michail"]
[Result "1/2-1/2"]
[WhiteElo "2375"]
[BlackElo "2545"]

1.e4 c5 2.Nf3 Nc6 3.Bb5 g6 4.O-O Bg7 5.Re1 Nf6 6.e5 Nd5 7.Nc3 Nc7 8.Bxc6 dxc6
9.Ne4 Ne6 10.d3 b6 11.Be3 Qc7 12.a3 O-O 13.b4 cxb4 14.axb4 Rd8 15.Ra2 f5
16.exf6 exf6 17.Bc1 f5 18.Neg5 Nf8 19.Bb2 h6 20.Bxg7 Qxg7 21.Nh3 Be6 22.Ra1 Bd5
23.Nf4 Bxf3 24.Qxf3 Rac8 25.Qe3 Re8  1/2-1/2

[Event "Rishon Le Ziyyon 9798"]
[Site "Rishon Le Ziyyon"]
[Date "1997.12.28"]
[Round "4"]
[White "Bitansky, Igor"]
[Black "Soffer, Ram"]
[Result "1/2-1/2"]
[WhiteElo "2165"]
[BlackElo "2520"]

1.e4 c5 2.Nf3 Nc6 3.Bb5 Na5 4.O-O a6 5.Be2 e6 6.d4 cxd4 7.Nxd4 Qc7 8.b3 Nf6
9.Bf3 d6 10.c4 Be7 11.Bb2 O-O 12.Nc3 Nc6 13.Rc1 Nxd4 14.Qxd4 Bd7 15.Rfd1 Rfd8
16.g3 Rac8 17.Kg2 Qb8 18.a4 b6 19.Qe3 Be8 20.Qd4 Bc6 21.Re1 Bf8 22.Kg1 Nd7
23.Bd1 Ba8 24.Qe3 Re8 25.Bc2 Ne5 26.h3 Rcd8 27.Rcd1 Qc7 28.Bb1 Qc5 29.Qe2 Rc8
30.Kh2 Qb4 31.f4 Ng6 32.Bc2 Qc5 33.Qe3 Qc7 34.Rd2 Red8 35.h4 Ne7 36.Qd3 Nc6
37.Na2 e5 38.Qe3 Rb8 39.f5 Be7 40.Bd1 b5 41.axb5 axb5 42.cxb5 Nd4 43.Nc3  1/2-1/2

[Event "Rishon Le Ziyyon 9798"]
[Site "Rishon Le Ziyyon"]
[Date "1997.12.28"]
[Round "4"]
[White "Brodsky, Michail"]
[Black "Khasin, Alexander"]
[Result "1/2-1/2"]
[WhiteElo "2545"]
[BlackElo "2505"]

1.e4 c5 2.Nf3 Nc6 3.Bb5 g6 4.Bxc6 dxc6 5.d3 Bg7 6.h3 e5 7.Be3 b6 8.Nc3 Ne7
9.Qd2 h6 10.Nh2 Be6 11.Rd1 Qd7 12.a3 f5 13.exf5 gxf5 14.f4 exf4 15.Bxf4 Ng6
16.Nf3 O-O-O 17.O-O Nxf4 18.Qxf4 Qc7 19.Qh4 Qd6 20.Kh1 Rd7 21.Rde1 Rf8 22.Re2 f4
23.Rfe1 Bf5 24.Ne4 Qg6 25.b3 Kb7 26.a4 Rff7 27.a5 Bd4 28.axb6 axb6 29.Rf1 Bg7
30.Ned2 Be6 31.Nc4 Bxc4 32.bxc4 Bf6 33.Qxf4 Bd8 34.Qg4 Qxg4 35.hxg4 Rf4 36.Re6 Bg5
37.Re5 Rxg4 38.Nxg5  1/2-1/2

[Event "Raiffeisen op-A 6th"]
[Site "Aschach"]
[Date "1997.12.30"]
[Round "6"]
[White "Mahdi, Khaled"]
[Black "Krupa, Krzysztof"]
[Result "1/2-1/2"]
[WhiteElo "2400"]
[BlackElo "2070"]

1.e4 c5 2.Nf3 Nc6 3.Bb5 g6 4.O-O Bg7 5.Bxc6 dxc6 6.d3 Nf6 7.h3 O-O 8.Nc3 Ne8
9.Be3 Bd4 10.Bg5 Bg7 11.Be3 Bd4 12.Bh6 Bg7 13.Qd2 Nc7 14.e5 Be6 15.Rfe1 Bd5
16.Nh2 Ne6 17.Ng4 Nd4 18.Bxg7 Kxg7 19.Ne4 Bxe4 20.Rxe4 Nf5 21.Ne3 Nd4 22.Rc1 Qd7
23.Ng4 Rh8 24.Rxd4 Qxd4 25.c3 Qd8 26.Qh6+ Kg8 27.Qf4 h5 28.Nh6+ Rxh6 29.Qxh6 Qxd3
30.e6 Qf5 31.exf7+ Qxf7 32.Qg5 Kf8 33.Qe3 Ke8 34.Qxc5 Rd8 35.Re1 a6 36.Qa7 e6
37.Qe3 Rd6 38.c4 Kd7 39.b3 Qf5 40.h4 Qf6 41.a3 Qf5 42.Qh6 Kc7 43.Qg7+ Kb6
44.Qe5 Qxe5 45.Rxe5 Rd2 46.a4 Rb2 47.a5+ Kc7 48.Rxe6 Rxb3 49.Rxg6 b5 50.Rg5 Ra3
51.Rxh5 b4 52.Rh7+ Kc8 53.Rh8+ Kc7 54.Rh7+ Kc8  1/2-1/2

[Event "Pamplona 9798"]
[Site "Pamplona"]
[Date "1997.12.31"]
[Round "4"]
[White "Arizmendi Martinez, Julen Luis"]
[Black "San Segundo, Pablo"]
[Result "1/2-1/2"]
[WhiteElo "2470"]
[BlackElo "2495"]

1.e4 c5 2.Nf3 Nc6 3.Bb5 e6 4.O-O Nge7 5.Re1 Nd4 6.Nxd4 cxd4 7.Qh5 a6 8.Ba4 Nc6
9.Bxc6 bxc6 10.d3 d6 11.e5 g6 12.Qf3 dxe5 13.Bg5 Be7 14.Qxc6+ Bd7 15.Bxe7 Bxc6
16.Bxd8 Kxd8 17.Rxe5 Rb8 18.b3 Rb5 19.Rxb5 axb5 20.c4 dxc3 21.Nxc3 Kc7 22.b4 Kb6
23.f3 Rd8 24.Rd1 Rc8 25.Ne2 Ra8 26.Nc3 Rc8 27.Rc1  1/2-1/2

[Event "Viking op"]
[Site "Aaland-Stockholm"]
[Date "1997.??.??"]
[Round "?"]
[White "Kveinys, Aloyzas"]
[Black "Baumegger, Siegfried"]
[Result "1/2-1/2"]
[WhiteElo "2555"]
[BlackElo "2485"]

1.e4 c5 2.Nf3 Nc6 3.Bb5 e6 4.O-O Nge7 5.Re1 a6 6.Bxc6 Nxc6 7.d4 cxd4 8.Nxd4 Be7
9.Nxc6 bxc6 10.Qg4 Kf8 11.c4 c5 12.Nc3 Bb7 13.Bf4 g5 14.Be3 h5 15.Qe2 Qc7
16.Qd2 Rg8 17.Rad1 Bc6 18.Nd5 Qe5 19.Nxe7 Kxe7 20.Qa5 Ke8 21.Bxc5 Qxb2 22.Ba3 Qf6
23.Rb1 Qd8 24.Qd2 f6 25.Rb3 Rb8 26.Qe2 g4 27.Qd2 Rxb3 28.axb3 Rg5 29.Bb2 h4
30.Qc3 e5 31.Bc1 Rg8 32.f4 Qe7 33.Qa5 Kf7 34.Ba3 Qd8 35.Qc5 exf4 36.e5 Re8
37.e6+ Rxe6 38.Qh5+ Kg7 39.Qxg4+ Kf7 40.Qh5+ Kg7 41.Qg4+ Kf7 42.Qh5+ Kg7
43.Qg4+  1/2-1/2

[Event "Viking op"]
[Site "Aaland-Stockholm"]
[Date "1997.??.??"]
[Round "?"]
[White "Fomina, Tatyana"]
[Black "Plachetka, Jan"]
[Result "0-1"]
[WhiteElo "2245"]
[BlackElo "2445"]

1.e4 c5 2.Nf3 Nc6 3.Bb5 g6 4.c3 Bg7 5.d3 e6 6.Be3 d6 7.Qd2 Bd7 8.Na3 a6 9.Ba4 b5
10.Bc2 e5 11.h3 f5 12.exf5 gxf5 13.Bg5 Nge7 14.Bh6 O-O 15.Bxg7 Kxg7 16.d4 e4
17.Nh2 cxd4 18.cxd4 d5 19.Bb3 Qb6 20.Nc2 f4 21.Ng4 a5 22.a3 Rac8 23.g3 Be6
24.Rd1 Ng6 25.O-O Bxg4 26.hxg4 Nce7 27.f3 fxg3 28.fxe4 dxe4 29.Ne3 Rf3 30.Bd5 Rcf8
31.Bxe4 Rf2 32.Qc3 b4 33.axb4 axb4 34.Qc1 Nf4 35.Rxf2 Nh3+ 36.Kf1 Nxf2 37.Nf5+ Nxf5
38.Bxf5 Nxd1 39.Qxd1 Qh6 40.Qf3 Qc1+ 41.Kg2 Qxb2+ 42.Kxg3 Qc3  0-1

[Event "Skolernes Skakklub"]
[Site "Aarhus"]
[Date "1997.??.??"]
[Round "1"]
[White "Rozentalis, Eduardas"]
[Black "Larsen, Bent"]
[Result "1-0"]
[WhiteElo "2650"]
[BlackElo "2520"]

1.e4 c5 2.Nf3 Nc6 3.Bb5 e6 4.O-O Nge7 5.b3 d6 6.Bb2 e5 7.c3 a6 8.Be2 Ng6
9.d4 Be7 10.Na3 O-O 11.Nc4 b5 12.Ne3 Rb8 13.Nd5 Kh8 14.a4 b4 15.dxc5 bxc3
16.Nxe7 Qxe7 17.cxd6 Qe6 18.Bxc3 Rxb3 19.Ng5 Qf6 20.Qxb3 Qxg5 21.Kh1 Nf4
22.Bf3 Bg4 23.Qd1  1-0

[Event "Skolernes Skakklub op"]
[Site "Aarhus"]
[Date "1997.??.??"]
[Round "2"]
[White "Holst, Allan"]
[Black "Lukin, Andrei M"]
[Result "1/2-1/2"]
[WhiteElo "2305"]
[BlackElo "2480"]

1.e4 c5 2.Nf3 Nc6 3.Bb5 Nf6 4.Nc3 Qc7 5.Bxc6 Qxc6 6.Qe2 d6 7.d4 Bg4 8.d5 Qd7
9.h3 Bxf3 10.Qxf3 g6 11.a4 Bg7 12.Bf4 O-O 13.O-O b6 14.Qe3 a6 15.Bh6 Bxh6
16.Qxh6 b5 17.Qe3 b4 18.Ne2 e6 19.dxe6 Qxe6 20.Ng3 Rfe8 21.Rad1 Nxe4 22.Qxe4 Qxe4
23.Nxe4 Rxe4 24.Rxd6 Re2 25.Rc1 Rae8 26.Kf1 c4 27.Rd4 R8e4 28.Rxe4 Rxe4 29.Rd1 c3
30.bxc3 bxc3 31.Rd8+ Kg7 32.Rc8 Rxa4 33.Rxc3 a5 34.Rc6 Ra1+  1/2-1/2

[Event "Skolernes Skakklub op"]
[Site "Aarhus"]
[Date "1997.??.??"]
[Round "4"]
[White "Holst, Allan"]
[Black "Madsen, Peder"]
[Result "1-0"]
[WhiteElo "2305"]
[BlackElo "2175"]

1.e4 c5 2.Nf3 Nc6 3.Bb5 e6 4.Bxc6 bxc6 5.O-O d5 6.d3 Nf6 7.Qe2 Be7 8.Re1 O-O
9.e5 Nd7 10.b3 Re8 11.Nbd2 f5 12.c4 Rf8 13.d4 Qe8 14.Bb2 cxd4 15.Nxd4 Nc5
16.Rac1 Bd7 17.Rc2 a5 18.Rec1 Na6 19.Ra1 c5 20.N4f3 d4 21.Rcc1 g5 22.Ne1 Qg6
23.Nd3 Nb4 24.Nxb4 axb4 25.a3 bxa3 26.Bxa3 Bc6 27.Bb2 g4 28.b4 cxb4 29.Nb3 f4
30.Qe1 g3 31.f3 gxh2+ 32.Kh1 Rxa1 33.Bxa1 d3 34.Nd4 Bb7 35.c5 Bd5 36.Qxb4 Kh8
37.Qd2 Rc8 38.c6 Ba3 39.Bb2 Bxb2 40.Qxb2 Qe8 41.Qd2 Bxc6 42.Qxd3 Bd5 43.Rxc8 Qxc8
44.Ne2 Bc4 45.Qc3 Qc5 46.Kxh2 Qf2 47.Nxf4 Qh4+ 48.Nh3 Bd5 49.Qe3 Qh5 50.Qf4 Kg8
51.Qf6 Qf7 52.Qd8+ Kg7 53.Qg5+ Qg6 54.Qe3 Qh6 55.Qa7+ Kg6 56.Qb8 Qg7 57.Qb1+ Kf7
58.Qa1 Qh6 59.Qc3 Qh4 60.Qe3 Kg7 61.Qf4 Qxf4+ 62.Nxf4 Bb3 63.Kg3 Kf7 64.Kh4 Bc2
65.Kg5 Bb3 66.Kh6 Kg8 67.Nh3  1-0

[Event "Alushta-B"]
[Site "Alushta"]
[Date "1997.??.??"]
[Round "2"]
[White "Rosanov, Lev I"]
[Black "Zozulia, Anna"]
[Result "0-1"]
[WhiteElo "2155"]
[BlackElo "2280"]

1.e4 c5 2.Nf3 Nc6 3.Bb5 g6 4.O-O Bg7 5.Re1 e5 6.Bxc6 dxc6 7.h3 f6 8.d3 Nh6
9.Be3 b6 10.a3 a5 11.Nbd2 O-O 12.Rb1 Nf7 13.Nc4 Be6 14.b3 Qc7 15.Nfd2 Rfe8
16.Qf3 f5 17.exf5 gxf5 18.g3 b5 19.Nb2 Rad8 20.Nf1 e4 21.Bf4 Qd7 22.Qh5 Ne5
23.Bxe5 Bf7 24.Qh4 Rxe5 25.dxe4 fxe4 26.Rbd1 Rd5 27.Rxd5 cxd5 28.Nd1 Bg6
29.Nde3 d4 30.Ng4 Rf8 31.Nfh2 h5 32.Qg5 Qf5 33.Qd2 hxg4 34.Nxg4 Bh5 35.Qe2 d3
36.cxd3 exd3 37.Qe3 Re8 38.Qd2 Rxe1+ 39.Qxe1 Bxg4  0-1

[Event "Alushta"]
[Site "Alushta"]
[Date "1997.??.??"]
[Round "2"]
[White "Rogovski, Vladimir"]
[Black "Onoprienko, Vladimir"]
[Result "1-0"]
[WhiteElo "2455"]
[BlackElo "2295"]

1.e4 c5 2.Nf3 Nc6 3.Bb5 g6 4.c3 Nf6 5.e5 Nd5 6.b3 e6 7.O-O Qb6 8.Re1 a6 9.Bxc6 Qxc6
10.c4 Nc7 11.Nc3 b5 12.Ne4 Be7 13.d3 h6 14.Bf4 g5 15.Bg3 g4 16.Nd6+ Bxd6
17.exd6 gxf3  1-0

[Event "Alushta-B"]
[Site "Alushta"]
[Date "1997.??.??"]
[Round "9"]
[White "Rosanov, Lev I"]
[Black "Kochetkov, German"]
[Result "0-1"]
[WhiteElo "2155"]
[BlackElo "2350"]

1.e4 c5 2.Nf3 Nc6 3.Bb5 d6 4.O-O Bd7 5.Re1 a6 6.Bf1 Bg4 7.h3 Bxf3 8.Qxf3 g6
9.c3 Bg7 10.d3 Nf6 11.Be3 Nd7 12.Qd1 O-O 13.Nd2 b5 14.Nf3 b4 15.d4 bxc3 16.bxc3 Qa5
17.Qd3 Rfc8 18.Rec1 Qa3 19.Qc4 Na5 20.Qd3 Rcb8 21.Rc2 cxd4 22.Bxd4 Nc5 23.Qe2 e5
24.Bxc5 Qxc5 25.Rd1 Bf8 26.Rb2 Rc8 27.Rd3 Qc6 28.h4 Nb7 29.Ng5 h6 30.Nh3 Nc5
31.Re3 Be7 32.Qg4 h5 33.Qf3 Ne6 34.g3 Rab8 35.Qe2 a5 36.Kh2 Kg7 37.Ng1 Rxb2
38.Qxb2 Nc5 39.Qb5 a4 40.Qxc6 Rxc6 41.Bc4 Rb6 42.Bd5 Rb2 43.Kg2 f5 44.exf5 gxf5
45.Re2  0-1

[Event "Ano Liosia op"]
[Site "Ano Liosia"]
[Date "1997.??.??"]
[Round "6"]
[White "Zahariev, Zahari"]
[Black "Kotronias, Vasilios"]
[Result "1/2-1/2"]
[WhiteElo "2415"]
[BlackElo "2590"]

1.e4 c5 2.Nf3 Nc6 3.Bb5 g6 4.O-O Bg7 5.c3 Nf6 6.Re1 O-O 7.d4 d5 8.e5 Ne4
9.Bxc6 bxc6 10.Nbd2 cxd4 11.cxd4 c5 12.dxc5 Nxc5 13.Nb3 Na4 14.Nfd4 Qb6 15.Rb1 Bd7
16.Bg5 Rfe8 17.Qd2 Rac8 18.Bh6 Bh8 19.h4 Rc4 20.h5 Qb4 21.Qe3 e6 22.Red1 Qb8
23.Re1 Qb6 24.Bg5 Rb4 25.h6 Nc5 26.Nxc5 Qxc5 27.Red1 Qc7 28.Bf4 Rc4 29.Rd3 f6
30.Re1 fxe5 31.Bxe5 Bxe5 32.Qxe5 Qxe5 33.Rxe5 Kf7 34.f4 Ke7 35.Kf2 Kd6 36.b3 Rc1
37.Nf3 Rf8 38.g3 Rh1 39.Ng5 Rxh6 40.Ne4+ Ke7 41.Rdxd5 Rh2+ 42.Ke3 Rxa2 43.Nc5 Bc8
44.g4 Ra1 45.Nd3 Rg1 46.g5 Rg3+ 47.Kd2 Rh3 48.Rd4 Rd8 49.Rxd8 Kxd8 50.Re3 Rh2+
51.Kc3 h6 52.gxh6 Rxh6 53.Rg3 Bd7 54.Ne5 Be8 55.Kd4 Ke7 56.Ke4 a5 57.Nc4 a4
58.bxa4 Bxa4 59.Ne5 Bc2+ 60.Ke3 Bf5 61.Nf3 Rh8 62.Nd4 Ra8 63.Nxf5+ gxf5 64.Rg7+ Kd6
65.Rb7 Ra3+ 66.Ke2 Kd5 67.Rb5+ Kc6 68.Re5 Kd6 69.Rb5 Rc3 70.Ra5 Rc5 71.Ra3 Kd5
72.Ke3 Kd6 73.Ra6+ Ke7 74.Ke2 Rc3 75.Kf2 Kf6 76.Ke2 Rc8 77.Ke3 Rd8 78.Kf3 Re8
79.Ke3 Kg6 80.Ra1 Rb8 81.Ra6 Rb3+ 82.Ke2 Kh5 83.Rxe6 Kg4 84.Ra6 Kxf4 85.Kf2 Rb2+
86.Kf1 Kg4 87.Ra3  1/2-1/2

[Event "Ano Liosia op"]
[Site "Ano Liosia"]
[Date "1997.??.??"]
[Round "6"]
[White "Kobalija, Mihail"]
[Black "Tzermiadianos, Andreas"]
[Result "0-1"]
[WhiteElo "2545"]
[BlackElo "2370"]

1.e4 c5 2.Nf3 Nc6 3.Bb5 g6 4.Bxc6 dxc6 5.d3 Bg4 6.O-O Bg7 7.h3 Bxf3 8.Qxf3 Nf6
9.Nc3 Nd7 10.Qe3 b6 11.Ne2 e5 12.Qg3 Qe7 13.Bg5 f6 14.Be3 O-O 15.f3 Rf7 16.Qf2 Re8
17.Rae1 Nf8 18.c3 Ne6 19.b3 Qd8 20.d4 exd4 21.cxd4 cxd4 22.Nxd4 Nxd4 23.Bxd4 Rd7
24.Bc3 Rd3 25.Qc2 Qd6 26.Kh1 Rd8 27.Re2 Qc5 28.Bb2 Qxc2 29.Rxc2 c5 30.Kg1 Kf7
31.Bc3 Bh6 32.Re1 Be3+ 33.Kf1 h5 34.h4 Ke6 35.Ke2 Bf4 36.Kf2 g5 37.hxg5 fxg5
38.Ke2 h4 39.Rb1 h3 40.gxh3 Re3+ 41.Kf2 Rdd3 42.Be1 Rxf3+ 43.Kg1 Rxh3 44.b4 cxb4
45.Bxb4 Rdg3+  0-1

[Event "BEL-chT 9798"]
[Site "Antwerp"]
[Date "1997.??.??"]
[Round "1"]
[White "Van Mil, Johannes A J"]
[Black "Kuijf, Marinus"]
[Result "1/2-1/2"]
[WhiteElo "2420"]
[BlackElo "2460"]

1.e4 c5 2.Nf3 Nc6 3.Bb5 g6 4.Bxc6 dxc6 5.d3 Bg7 6.Nc3 Nf6 7.Be3 b6 8.Qd2 Ng4
9.Bg5 f6 10.Bh4 O-O 11.h3 Nh6 12.g4 Nf7 13.Bg3 e5 14.Nh4 Be6 15.Ne2 c4 16.d4 Qe7
17.c3 Rad8 18.Qc2 Bh6 19.O-O c5 20.d5 Bc8 21.Rad1 Nd6 22.Kh2 f5 23.exf5 gxf5
24.Nf3 Bg7 25.Bh4 Bf6 26.g5 Bg7 27.Rde1 f4 28.g6 Qd7 29.gxh7+ Kh8 30.Neg1 Rde8
31.Qg6 Nf5 32.Bg5 Bb7 33.Rd1 Qf7 34.Qxf7 Rxf7 35.Nh4 Nxh4 36.Bxh4 e4 37.f3 e3
38.Ne2 Be5 39.Rg1 Rxh7 40.Bg5 Rf7 41.Rg4 Rg8 42.Rh4+ Rh7 43.Rxh7+ Kxh7 44.Bxf4 Bf6
45.Bg3 b5 46.Bd6 Rc8 47.Ng3 b4 48.Ne4 Bg7 49.Bf4 e2 50.Re1 Bxd5 51.Rxe2 Bxe4
52.Rxe4 bxc3 53.bxc3 Bxc3 54.Rxc4  1/2-1/2

[Event "BEL-chT 9798"]
[Site "Antwerp"]
[Date "1997.??.??"]
[Round "2"]
[White "Schalkx, Johnny"]
[Black "Goossens, Etienne"]
[Result "1-0"]
[WhiteElo "2290"]
[BlackElo "2130"]

1.e4 c5 2.Nf3 Nc6 3.Bb5 g6 4.O-O Bg7 5.Re1 Nf6 6.c3 O-O 7.d4 cxd4 8.e5 Ne8
9.cxd4 Nc7 10.Bxc6 dxc6 11.Nc3 Bg4 12.Re4 Qd7 13.h3 Bxf3 14.Qxf3 Ne6 15.Be3 f5
16.exf6 exf6 17.d5 cxd5 18.Rb4 d4 19.Rxb7 Qc8 20.Nd5 Qxb7 21.Nxf6+ Bxf6 22.Qxb7 dxe3
23.fxe3 Bg5 24.Kh1 Rad8 25.Qxa7 Rd2 26.Qb6 Rf6 27.h4 Bxh4 28.Qb4 Rd5 29.Qxh4 Rh5
30.Qxh5 gxh5 31.b4 Nc7 32.a4 Rb6 33.b5 Kg7 34.Rc1 Rb7 35.Rc6 Nd5 36.e4 Nf6
37.b6 Ne8 38.a5 Rd7 39.a6 Rd1+ 40.Kh2 Nf6 41.Rxf6  1-0

[Event "BEL-chT 9798"]
[Site "Antwerp"]
[Date "1997.??.??"]
[Round "2"]
[White "Van Mil, Johannes A J"]
[Black "Plomp, Gordon"]
[Result "1-0"]
[WhiteElo "2420"]
[BlackElo "2330"]

1.e4 c5 2.Nf3 Nc6 3.Bb5 g6 4.Bxc6 dxc6 5.d3 Bg7 6.Nc3 Nf6 7.Be3 b6 8.h3 O-O
9.Qd2 Re8 10.O-O-O a5 11.Ng5 a4 12.f4 a3 13.b3 Ra7 14.g4 Ba6 15.Qe1 e5 16.f5 Nd5
17.exd5 cxd5 18.Bd2 h6 19.Nge4 dxe4 20.Nxe4 Bb7 21.Be3 Bxe4 22.dxe4 Qa8 23.Rd5 c4
24.b4 Rd8 25.Rxd8+ Qxd8 26.Qe2 Qc7 27.Rd1 c3 28.Qb5 Ra8 29.fxg6  1-0

[Event "GER-ch U20"]
[Site "Apolda"]
[Date "1997.??.??"]
[Round "1"]
[White "De Gleria, Francesco"]
[Black "Gottschlich, Carsten"]
[Result "1/2-1/2"]
[WhiteElo "2265"]
[BlackElo "2225"]

1.e4 c5 2.Nf3 Nc6 3.Bb5 g6 4.O-O Bg7 5.Re1 e5 6.Bxc6 bxc6 7.c3 d6 8.d4 cxd4
9.cxd4 Bg4 10.dxe5 dxe5 11.Qxd8+ Rxd8 12.Be3 Bxf3 13.gxf3 Rd7 14.Na3 Ne7
15.Red1 Nc8 16.Nc4 Rc7 17.Rd3 Ke7 18.Rad1 Ke6 19.Ra3 Bf6 20.Ra6 Rd8 21.Rc1 Ne7
22.Na5 Rdc8 23.b4 h6 24.Rxa7 Bg5 25.Rxc7 Rxc7 26.Bxg5 hxg5 27.b5 Ra7 28.Nxc6 Rxa2
29.Nd8+ Kf6 30.b6 Rd2 31.Rc8 Nxc8 32.b7 Rxd8 33.b8=Q Re8 34.Kg2 Kg7 35.Kg3 f6
36.Qb5 Kf7 37.Qd5+ Kf8 38.Qc6 Kf7 39.Qd5+ Kf8 40.Qd7 Ne7 41.h4 gxh4+ 42.Kxh4 g5+
43.Kg4 Kf7 44.Qb7 Rh8 45.Qb3+ Kg6 46.Qe6 Rh4+ 47.Kg3 Rh7 48.Kg2 Rf7 49.Kf1 Kg7
50.Ke2 Ng6 51.Kf1 Nf4 52.Qc8 Rf8  1/2-1/2

[Event "EU-ch Rapid"]
[Site "Athens"]
[Date "1997.??.??"]
[Round "4"]
[White "Ribeiro, Fernando"]
[Black "Turner, Matthew"]
[Result "0-1"]
[WhiteElo "2340"]
[BlackElo "2445"]

1.e4 c5 2.Nf3 Nc6 3.Bb5 g6 4.O-O Bg7 5.c3 Nf6 6.e5 Nd5 7.Re1 O-O 8.d4 cxd4
9.cxd4 d6 10.Nc3 Nxc3 11.bxc3 Bg4 12.exd6 Qxd6 13.a4 Qd5 14.Ba3 Rfc8 15.h3 Bxf3
16.Qxf3 Qxf3 17.gxf3 e6 18.Rab1 Na5 19.Bb4 Nc4 20.Bxc4 Rxc4 21.a5 b6 22.axb6 axb6
23.Ra1 Rac8 24.Ra7 Bxd4 25.cxd4 Rxb4 26.Re4 Rd8 27.Rb7 Rd6 28.Kg2 Rdxd4 29.Rxd4 Rxd4
30.Rxb6 g5 31.Rb5 h6 32.Kg3 Kg7 33.Rb8 h5 34.Ra8 Kg6 35.Ra5 f6 36.Rb5 Rd5
37.Rb6 Kf5 38.h4 g4 39.fxg4+ hxg4 40.Rb8 Rd3+ 41.Kg2 e5 42.Rh8 Rh3 43.Rh5+ Kf4
44.Rh6 f5 45.Rh8 e4 46.Rh7 e3 47.fxe3+ Rxe3 48.Ra7 Re2+ 49.Kg1 Kg3 50.Kf1 Rf2+
51.Kg1 Rc2  0-1